Report Of The Finance Committee On The Export Credit Agreement Between The Republic Of Ghana And Unicredit Bank Austria AG For An Amount Of Eight Billion Euros(8,000,000) For The Execution Of The Nationwide Water Network Management Project (Record no. 1134)

MARC details
000 -LEADER
fixed length control field 00683nam a2200181Ia 4500
003 - CONTROL NUMBER IDENTIFIER
control field OSt
005 - DATE AND TIME OF LATEST TRANSACTION
control field 20250221105521.0
008 - FIXED-LENGTH DATA ELEMENTS--GENERAL INFORMATION
fixed length control field 240428s9999||||xx |||||||||||||| ||und||
041 ## - LANGUAGE CODE
Language code of text/sound track or separate title eng
082 ## - DEWEY DECIMAL CLASSIFICATION NUMBER
Classification number BE/ECA/18
100 ## - MAIN ENTRY--PERSONAL NAME
Personal name Ministry of Finance
245 #0 - TITLE STATEMENT
Title Report Of The Finance Committee On The Export Credit Agreement Between The Republic Of Ghana And Unicredit Bank Austria AG For An Amount Of Eight Billion Euros(8,000,000) For The Execution Of The Nationwide Water Network Management Project
260 ## - PUBLICATION, DISTRIBUTION, ETC.
Name of publisher, distributor, etc. Ministry of Finance
Place of publication, distribution, etc. Accra
Date of publication, distribution, etc. 2018
300 ## - PHYSICAL DESCRIPTION
Extent 6p.
650 ## - SUBJECT ADDED ENTRY--TOPICAL TERM
Topical term or geographic name entry element Execution Of The Nationwide Water Network Management Project
942 ## - ADDED ENTRY ELEMENTS (KOHA)
Koha item type Reports
Source of classification or shelving scheme Dewey Decimal Classification
Suppress in OPAC No
Holdings
Withdrawn status Lost status Damaged status Not for loan Home library Current library Shelving location Date acquired Total checkouts Full call number Date last seen Copy number Price effective from Koha item type
        Main Library Main Library Open Shelves 08/06/2022   BE/ECA/18/764 29/04/2024 1 29/04/2024 E-resources & Electronic Documnets
©2026  Parliament of Ghana Library - All rights reserved